000 00298nam a2200109Ia 4500
008 171211s9999 xx 000 0 und d
245 _aDrupal Web Profiles
245 _cTimi Ogunjobi
260 _c2012
650 _xWeb Development
856 _uhttp://down.ebook777.com/014/Drupal-Web-Profiles.pdf
999 _c350065
_d350065